Belize First Level Subdivisions - Statistics

General Stats
  • This quiz has been taken 279 times
  • The average score is 4 of 6
Answer Stats
Districts % Correct
Belize
98%
Orange Walk
76%
Cayo
71%
Toledo
68%
Stann Creek
65%
Corozal
61%
No matching quizzes found
Score Distribution
Percent of People with Each Score
Percentile by Number Answered
Your Score History
You have not taken this quiz